Dhet-teri (Record no. 3076)
[ view plain ]
| 000 -LEADER | |
|---|---|
| fixed length control field | 00449cam a2200193ua 4500 |
| 008 - FIXED-LENGTH DATA ELEMENTS--GENERAL INFORMATION | |
| fixed length control field | 111020n ii |||gr||||Z||||||asm |
| 020 ## - INTERNATIONAL STANDARD BOOK NUMBER | |
| International Standard Book Number | 81-7339-123-8 |
| 040 ## - CATALOGING SOURCE | |
| Transcribing agency | MAIN |
| 082 ## - DEWEY DECIMAL CLASSIFICATION NUMBER | |
| Classification number | 891.4517 |
| 100 ## - MAIN ENTRY--PERSONAL NAME | |
| Personal name | Baruah, Uttam Kumar, |
| 245 11 - TITLE STATEMENT | |
| Title | Dhet-teri |
| Statement of responsibility, etc. | by Uttam Kumar Baruah |
| 250 ## - EDITION STATEMENT | |
| Edition statement | 1st. |
| 260 ## - PUBLICATION, DISTRIBUTION, ETC. | |
| Place of publication, distribution, etc. | Guahati: |
| Name of publisher, distributor, etc. | Banalata,995. |
| 300 ## - PHYSICAL DESCRIPTION | |
| Extent | 96p: |
| Dimensions | 23cm. |
| 942 ## - ADDED ENTRY ELEMENTS (KOHA) | |
| Koha item type | Books |
| 653 ## - INDEX TERM--UNCONTROLLED | |
| Uncontrolled term | Assamese satira |
| 653 ## - INDEX TERM--UNCONTROLLED | |
| Uncontrolled term | Dhet-teri |
| Withdrawn status | Lost status | Damaged status | Not for loan | Home library | Current library | Shelving location | Date acquired | Total Checkouts | Full call number | Barcode | Date last seen | Copy number | Price effective from | Koha item type |
|---|---|---|---|---|---|---|---|---|---|---|---|---|---|---|
| Central Library, Naharkatiya College | Central Library, Naharkatiya College | General Stacks | 19/09/2020 | 891.4517 | BAR | 9958 | 19/09/2020 | 1 | 19/09/2020 | Books |
